| 000 | 00571 a2200169 4500 | ||
|---|---|---|---|
| 020 | _a9810205155 | ||
| 020 | _a9789810205157 | ||
| 082 | 0 | 4 | _a530.12 |
| 090 |
_c351 _d351 |
||
| 100 | 1 | _aGibbons, G. W. | |
| 245 | 1 | 0 |
_aEuclidean quantum gravity / _cG. W. Gibbons, Stephen W. Hawking. |
| 260 |
_a[S.l.] : _bWorld Scientific Pub Co Inc, _c1993. |
||
| 300 |
_a600 p. ; _c25 cm. |
||
| 700 | 1 | _aHawking, Stephen W. | |
| 942 |
_aSNS _cBK _k530.12 GIB |
||
| 999 |
_c28984 _d28984 |
||